| 000 | 00762nam a2200193 a 4500 | ||
|---|---|---|---|
| 001 | 000012875 | ||
| 005 | 20200929163105.0 | ||
| 008 | 091118s1998 dr a 000 0 spa d | ||
| 040 |
_aDO-SdBNP _bspa _cBNPHU |
||
| 082 |
_a920.7 _bP324c |
||
| 100 | 1 |
_aPaula, Rafael E. _929747 |
|
| 245 | 1 | 0 |
_aCien años y un día : la fantasía de mi vida : _bla fantasía de mi vida. (Biografía de Pedro) / _cRafael E. Paula ; edición Angel Ortega ; presentación Rafael E. Paula. |
| 260 |
_aSanto Domingo : _bMilenio, _c1998. |
||
| 300 |
_a101 p. : _bil. ; _c22 cm. |
||
| 500 | _aIncluye datos biográficos del autor en la solapa de la contracubierta. | ||
| 600 | 1 | 4 |
_aRODRÍGUEZ PAULA, PEDRO, _d1951- _xBIOGRAFÍA _929748 |
| 700 | 1 |
_aOrtega, Angel, _eed. _924066 |
|
| 049 | _aBNPD | ||
| 999 |
_c12523 _d12523 |
||